Catálogo

Ciencia y fe : (Registro nro. 57671)

Detalles MARC
000 -LEADER
fixed length control field 01259cam a2200337 i 4500
001 - CONTROL NUMBER
control field 57671
003 - CONTROL NUMBER IDENTIFIER
control field Mx-PuUPA
005 - DATE AND TIME OF LATEST TRANSACTION
control field 20250205101821.0
008 - FIXED-LENGTH DATA ELEMENTS--GENERAL INFORMATION
fixed length control field 140415s2019 sp gr 000 0 spa d
017 ## - COPYRIGHT OR LEGAL DEPOSIT NUMBER
Copyright or legal deposit number BI-1616-2018
020 ## - INTERNATIONAL STANDARD BOOK NUMBER
International Standard Book Number 9788484687665
Qualifying information Comillas
020 ## - INTERNATIONAL STANDARD BOOK NUMBER
International Standard Book Number 9788429327946
Qualifying information Sal Terrae
040 ## - CATALOGING SOURCE
Original cataloging agency Mx-PuUPA
Language of cataloging spa
Transcribing agency Mx-PuUPA
Modifying agency Mx-PuUPA
Description conventions rda
041 1# - LANGUAGE CODE
Language code of text/sound track or separate title spa
Language code of original eng
100 1# - MAIN ENTRY--PERSONAL NAME
Personal name Haught, John F.,
Dates associated with a name 1942-
9 (RLIN) 198
Relator term autor
240 10 - UNIFORM TITLE
Uniform title Science and faith. A new introduction.
Language of a work Español
245 10 - TITLE STATEMENT
Title Ciencia y fe :
Remainder of title una nueva introducción /
Statement of responsibility, etc. John F. Haught ; traducción, Manuel Elliot Jensen
264 #1 - PRODUCTION, PUBLICATION, DISTRIBUTION, MANUFACTURE, AND COPYRIGHT NOTICE
Place of production, publication, distribution, manufacture Madrid :
Name of producer, publisher, distributor, manufacturer Universidad Pontificia Comillas : Editorial Sal Terrae,
Date of production, publication, distribution, manufacture, or copyright notice 2019
300 ## - PHYSICAL DESCRIPTION
Extent 205 páginas ;
Dimensions
Other physical details 22 cm
336 ## - CONTENT TYPE
Fuente rdacontent
Content type term texto
Content type code txt
337 ## - MEDIA TYPE
Source rdamedia
Media type term sin medio
Media type code n
338 ## - CARRIER TYPE
Source rdacarrier
Carrier type term volumen
Carrier type code nc
490 0# - SERIES STATEMENT
Series statement Colección Ciencia y Religión ;
Volume/sequential designation 15
650 #7 - SUBJECT ADDED ENTRY--TOPICAL TERM
Source of heading or term armarc
Topical term or geographic name entry element Religión y ciencia
9 (RLIN) 13986
650 #7 - SUBJECT ADDED ENTRY--TOPICAL TERM
Source of heading or term armarc
Topical term or geographic name entry element Fe y razón
700 1# - ADDED ENTRY--PERSONAL NAME
Personal name Jensen, Manuel Elliot,
Relator term traductor
765 0# - ORIGINAL LANGUAGE ENTRY
Main entry heading Haught, John F., 1942-
Place, publisher, and date of publication New Jersey : Paulist Press, 2012
Title Science and faith. A new introduction.
942 ## - ADDED ENTRY ELEMENTS (KOHA)
Source of classification or shelving scheme Dewey Decimal Classification
Koha item type Libro
Classification part 201.65
Item part H36
Existencias
Withdrawn status Lost status Source of classification or shelving scheme Damaged status Not for loan Collection code Home library Current library Shelving location Date acquired Total Checkouts Full call number Barcode Date last seen Date last checked out Price effective from Koha item type
    Dewey Decimal Classification     General Centro de Estudios en Ciencia y Religión Centro de Estudios en Ciencia y Religión Sala general 03/12/2013 2 201.65 H36 2019 60774 05/01/2026 05/09/2025 03/12/2013 Libro